Digital Integrated Circuit Design (Record no. 2071)

MARC details
000 -LEADER
fixed length control field 00333nam a2200133Ia 4500
008 - FIXED-LENGTH DATA ELEMENTS--GENERAL INFORMATION
fixed length control field 191201s2019 xx 000 0 und d
082 ## - DEWEY DECIMAL CLASSIFICATION NUMBER
Classification number 621.395
Item number MAD
100 ## - MAIN ENTRY--PERSONAL NAME
Personal name MARTIN, Ken
245 #0 - TITLE STATEMENT
Title Digital Integrated Circuit Design
260 ## - PUBLICATION, DISTRIBUTION, ETC. (IMPRINT)
Place of publication, distribution, etc N.Delhi
Name of publisher, distributor, etc Oxford Universty Press
300 ## - PHYSICAL DESCRIPTION
Extent 543
650 ## - SUBJECT ADDED ENTRY--TOPICAL TERM
Topical term or geographic name as entry element B.Tech(ECE)
942 ## - ADDED ENTRY ELEMENTS (KOHA)
Source of classification or shelving scheme Dewey Decimal Classification
Koha item type Text Books
Holdings
Withdrawn status Lost status Source of classification or shelving scheme Damaged status Not for loan Collection code Home library Current library Date acquired Source of acquisition Cost, normal purchase price Bill Number Total Checkouts Full call number Acc. no. / Barcode Date last seen Bill Date Koha item type Actual Cost, discounted price Date last borrowed
    Dewey Decimal Classification     B.Tech(ECE) PIET C-LIBRARY PIET C-LIBRARY 24/08/2006 M/s UDH, Delhi 299.00 125382   621.395 MAD 3851 04/12/2019 23/08/2005 Text Books    
    Dewey Decimal Classification     B.Tech(ECE) PIET C-LIBRARY PIET C-LIBRARY 21/01/2017 KIRTI PRAKASHAN, NEW DELHI 535.00 IN5204   621.3815 MAD 29301 04/12/2019 14/01/2017 Text Books 347.75  
    Dewey Decimal Classification     B.Tech(ECE) PIET C-LIBRARY PIET C-LIBRARY 21/01/2017 KIRTI PRAKASHAN, NEW DELHI 535.00 IN5204 1 621.3815 MAD 29302 04/11/2024 14/01/2017 Text Books 347.75 16/10/2024

Design & Developed by: PIET Central Library
R70 Miles Stone Pattikalyana Samalkha Panipat 132102
mail ID :- [email protected], Phone No:- 0180-2569700 Ex.216